00206 a2200109 4500001000700000020000600007040001100013100001800024240002500042245002000067362000900087180614 a  cMagnum aBuss, Alcides10aA poesia do abclpor10aA poesia do abc0 a1899